François célèbres - Statistiques

Statistiques générales
  • Ce quiz a été pris 15 350 fois
  • Le résultat moyen est 8 sur 15
Statistiques - réponses
Descriptif Réponse % Correct
Président de la République française de 2012 à 2017. Hollande
99%
On l'associe à Marignan et au château de Chambord. Ier
81%
Président de la République française de 1981 à 1995. Mitterrand
81%
Acteur français jouant dans BAC Nord, Les Trois Mousquetaires et Le Chant du Loup. Civil
74%
Premier ministre de la République française de 2024 à 2025 et fondateur du MoDem. Bayrou
67%
Premier ministre de la République française de 2007 à 2012. Fillon
63%
Acteur français jouant dans Intouchables, Ne le dis à personne et Les Petits Mouchoirs. Cluzet
60%
Humoriste et acteur belge jouant dans Dikkenek, L'Arnacœur et La Famille Bélier. Damiens
57%
Écrivain français auteur de Gargantua et Pantagruel. Rabelais
45%
Assassin du roi de France Henri IV. Ravaillac
43%
Professeur d'art dramatique français éponyme d'un Cours de théâtre parisien. Florent
36%
Cinéaste de la Nouvelle Vague ayant réalisé Les Quatre Cents Coups, Le Dernier Métro et La Nuit américaine. Truffaut
30%
Religieux catholique du XIIIème siècle ayant créé l'ordre des Franciscains. d'Assise
29%
Écrivain français et prix Nobel de littérature auteur de Thérèse Desqueyroux. Mauriac
13%
Humoriste, chanteur et acteur québécois célèbre pour ses sketchs radiophoniques Les Deux Minutes du peuple. Pérusse
13%
Aucun quiz correspondant
Distribution des résultats
% des personnes avec chaque résultat
Percentile par nombre de réponses
Votre historique - résultats
Vous n’avez pas pris ce quiz